000 00384 a2200133 4500
003 Nust
005 20230321124917.0
040 _cNust
082 _a355.0092,SAD
100 _aSiddiqui, Mohammad Ismail
_9109550
245 _aSipahi Ka Khawab,
_b1965 Ke Jang per mushtamil kahania /
_cLt Col Mohammad Ismail Siddiqui
650 _aWar of 1965
_9110862
942 _2ddc
_cBK
_k355.0092,SAD
999 _c188028
_d188028